Quiz sur le TFC - Statistiques

Statistiques générales
  • Ce quiz a été pris 220 fois
    215 depuis la dernière actualisation
  • Le résultat moyen est 7 sur 13
Statistiques - réponses
Question Réponse % Correct
Nombre de Championnat de France en Deuxième Division 3
87%
Nombre de Championnat de France en Première Division 0
81%
Meilleur Buteur en Ligue 1 Wissam Ben Yedder
80%
Joueur Transféré à Marseille en 2010 André-Pierre Gignac
77%
Entraineur de 2016 à 2018 Pascal Dupraz
67%
Meilleur Joueur Finale Euro 2016 Moussa Sissoko
59%
Couleurs du Club Violet et Blanc
58%
Nom du Stade Stadium de Toulouse
56%
Formé à Toulouse, j'ai remporté l'Europa League en 2021 Etienne Capoue
49%
Date de Création du Club 1970
48%
Joueur le Plus Capé Dominique Arribagé
40%
Passé par le TFC, j'ai été remplaçant lors d'une Finale de LDC Serge Aurier
22%
Meilleur Buteur Robert Pintenat
15%
Aucun quiz correspondant
Distribution des résultats
% des personnes avec chaque résultat
Percentile par nombre de réponses
Votre historique - résultats
Vous n’avez pas pris ce quiz depuis la dernière actualisation